| 000 | 02161nam a22004937a 4500 | ||
|---|---|---|---|
| 003 | OSt | ||
| 005 | 20230308113018.0 | ||
| 008 | 221006b |||||||| |||| 00| 0 eng d | ||
| 020 | _a1136-6907 | ||
| 040 | _cBiblioteca Lado V | ||
| 082 |
_a700.41 _bR744a |
||
| 100 |
_9525 _aRolando, Carlos _eautor |
||
| 245 | _aARCONoticas/ | ||
| 260 |
_bFeria Internacional de Arte Contemporáneo _c1998 _aMadrid |
||
| 300 |
_c21x30cm _a78p. |
||
| 490 |
_a12 _v1998 |
||
| 505 | _tEditorial | ||
| 505 |
_tARCO'98 en la memoirs Ascolusitania _a-out of Africa -Portugal 1990's |
||
| 505 |
_tARCO Latino _a-The Caribbean at ARCO'98 witch a Cuban Flavor |
||
| 505 |
_tArt Collecting _a-Nancy y Robert Magoon -Enrique Ordonez -Ignacio Oberto |
||
| 505 |
_tARCO Electronico/media Art _a-Talking about Media Arts -Simplified Overview of Electronic Art -Network Practice -Openning the Trap: Art in a Technoscientific Society |
||
| 505 |
_tThe Art Market _a-Interview with Robin Cembalest and Amy Fussleman |
||
| 505 |
_tThe Debate _a-10th Contemporary Art Appreciation Course -Round Tables -Interview with hans ulrich obrist |
||
| 505 | _tPrizes Awarded at ARCO'98 | ||
| 505 |
_tPersonal Viempoint _a-Interview witch Miguel Fernandez-CID -Interview witch Manuel Borja -Interview witch Umberto Allemandi |
||
| 505 | _tGallery of Profiles | ||
| 505 | _tArt Spaces | ||
| 505 | _tWho's who Portugal | ||
| 505 | _tAssociation News | ||
| 505 | _tARCO Snapshots | ||
| 505 | _tFoundation News | ||
| 505 | _tIn Memoriam | ||
| 505 |
_tARCOFRANCE _a-Interview with Alain Julien-Laferriere |
||
| 505 |
_tNotebook _a20th Century Art Trends and Schools |
||
| 505 | _tRound tables ARCO'99 | ||
| 505 | _tBasic Glossary for photography collectors | ||
| 505 | _tVisual Art Agenda | ||
| 650 |
_2Tesauro de Arte & Arquitectura _aARTE _9703 |
||
| 650 |
_2Tesauro de Arte & Arquitectura _aNOTICIAS |
||
| 650 |
_2Tesauro de Arte & Arquitectura _aCRITICA |
||
| 650 |
_2Tesauro de Arte & Arquitectura _aAPRECIACION |
||
| 650 |
_2Tesauro de Arte & Arquitectura _aVISIBILIDAD |
||
| 942 |
_2ddc _c1 _h700.41 _iR744a _n0 _eedición en inglés |
||
| 999 |
_c3144 _d3144 |
||